| 000 | 00564nam a22001937a 4500 | ||
|---|---|---|---|
| 999 |
_c19509 _d19509 |
||
| 003 | AR-CdUCM | ||
| 008 | 190517b ||||| |||| 00| 0 sp d | ||
| 040 |
_aMUNICIPALIDAD PROVINCIAL DEL CUSCO _cBIBLIOTECA MUNICIPAL DEL CUSCO |
||
| 082 |
_a869.56 / _bT48 |
||
| 100 |
_aThorndike, Guillermo _910334 |
||
| 245 | _aAbisa a los compañeros, pronto / | ||
| 260 |
_aLima ; _bMosca Azul, _c1976. |
||
| 300 |
_a189 páginas ; _c21 cm. |
||
| 505 | _aLiteratura. | ||
| 650 |
_aLiteratura. _983 |
||
| 700 |
_aAvendaño, Angel _9875 |
||
| 942 |
_2ddc _cLIBROS |
||
| 945 | _awfj | ||